हिंदी शब्द सामर्थ्य / (Record no. 52987)

MARC details
000 -LEADER
fixed length control field 02130nam a22003257a 4500
005 - DATE AND TIME OF LATEST TRANSACTION
control field 20080905121451.0
008 - FIXED-LENGTH DATA ELEMENTS--GENERAL INFORMATION
fixed length control field 110608t xxu||||| |||| 00| 0 hin d
010 ## - LCCN (DPL NO)
LC control number HIN-92964 B-468064-066
020 ## - INTERNATIONAL STANDARD BOOK NUMBER
Terms of availability 300.00
International Standard Book Number 8173153612
035 ## - SYSTEM CONTROL NUMBER
System control number HN-65310 B-468064-066
037 ## - SOURCE OF ACQUISITION
Source of stock number/acquisition DBAD / PUB
037 ## - SOURCE OF ACQUISITION
Source of stock number/acquisition ब्लूबेरी बुक्स
040 ## - CATALOGING SOURCE
Original cataloging agency DPL
Language of cataloging HN
082 ## - DEWEY DECIMAL CLASSIFICATION NUMBER
Classification number 425
100 ## - MAIN ENTRY--PERSONAL NAME
9 (RLIN) 28442
Personal name भाटिया, कैलाशचंद्र
245 ## - TITLE STATEMENT
Title हिंदी शब्द सामर्थ्य /
Statement of responsibility, etc कैलाशचंद्र भाटिया
260 ## - PUBLICATION, DISTRIBUTION, ETC. (IMPRINT)
Place of publication, distribution, etc नई दिल्ली
Name of publisher, distributor, etc प्रभात प्रकाशन
Date of publication, distribution, etc 2010
270 ## - ADDRESS
Address 4/19 आसफ अली रोड
City नई दिल्ली
Postal code 110002
300 ## - PHYSICAL DESCRIPTION
Extent 303पृ
Dimensions 22सेमी (सजिल्द)
650 ## - SUBJECT ADDED ENTRY--TOPICAL TERM
9 (RLIN) 28443
650 ## - SUBJECT ADDED ENTRY--TOPICAL TERM
9 (RLIN) 28455
700 ## - ADDED ENTRY--PERSONAL NAME
9 (RLIN) 28521
700 ## - ADDED ENTRY--PERSONAL NAME
9 (RLIN) 28536
942 ## - ADDED ENTRY ELEMENTS (KOHA)
Institution code [OBSOLETE] dpl
Item type Hindi Books
Source of classification or shelving scheme Dewey Decimal Classification
Call number suffix भाटिया
Classification part 425
Holdings
Withdrawn status Lost status Source of classification or shelving scheme Damaged status Not for loan Collection code Home library Current library Date acquired Source of acquisition Cost, normal purchase price Total Checkouts Full call number Barcode Date last seen Copy number Cost, replacement price Koha item type Total Renewals
    Dewey Decimal Classification     Non-fiction Central Library Central Library 11/06/2012 ब्लूबेरी बुक्स/IN8228/24.03.12/37/20.03.12/29.03.12 300.00 2 425 भाटिया B-468064 28/02/2019 1 300.00 Hindi Books  
    Dewey Decimal Classification   Not For Loan Non-fiction D.B.Act.Division D.B.Act.Division 17/06/2011 DBAD / PUB 300.00   425 भाटिया HN-65310 17/06/2011 1 300.00 Hindi Books  
    Dewey Decimal Classification     Non-fiction Janak Puri Janak Puri 11/06/2012 ब्लूबेरी बुक्स/IN8228/24.03.12/37/20.03.12/29.03.12 300.00 17 425 भाटिया B-468066 04/12/2021 1 300.00 Hindi Books 4
    Dewey Decimal Classification     Non-fiction Patel Nagar Patel Nagar 11/06/2012 ब्लूबेरी बुक्स/IN8228/24.03.12/37/20.03.12/29.03.12 300.00   425 भाटिया B-468065 11/06/2012 1 300.00 Hindi Books  

© Delhi Public Library
Hit Counter
free hit counter